000 00601nam a2200217Ia 4500
003 OSt
005 20230209110623.0
008 210210b1997 xxu||||| |||| 00| 0 eng d
020 _a0333 92460 6
040 _cAL
082 _a658.4 DWIH
100 _aDWIVEDI (R S)
_971592
245 _ahuman relations and organisational behaviour: a global perspective
250 _a4
260 _aDelhi.
_bMacmillan India Ltd.
_c1997
300 _axv,614
650 _aHuman Relations, Organisational Behaviour
_971593
690 _aOrganisational Behaviour
_971594
906 _a053202
942 _2ddc
_cBK
999 _c101568
_d101568